000 01019nam a2200313Ia 4500
003 OSt
005 20221006154742.0
006 a|||||r|||| 00| 0
007 ta
008 221006b |||||||| |||| 00| 0 eng d
020 _a9780801444333
_c
_19.75
024 _a39,203
037 _bGift, Japan Foundation
_cTextual
040 _aEASL
_cEASL
_beng
041 _2eng
_aeng
082 _aX:958.42.P04, P6
100 _aSchoppa Leonard J
_9648351
245 0 _aRace for the exits
_b The unraveling of Japan's system of social protection
260 _aIthaca
_bCornell University Press
_c2006
300 _axvi,248p.
_ccm.
490 _v JEL
650 _a Economic Security- Japan
_9667333
650 _a Human Services- Japan
_9667334
650 _a Japan- Economic conditions
650 _a Japan- Socian conditions
_9667335
650 _aSocial Security- Japan
_9667336
942 _hX:958.42.P04, P6
_cTEXL
_2CC
999 _c1107289
_d1107289